000 00389nam a2200157Ia 4500
008 230917s9999||||xx |||||||||||||| ||und||
020 _cRs. 180.00
040 _e5010111
_aMAIN
041 _aEnglish
082 _a954.03 H222M
100 _aHardy, P
245 0 _aMuslims of British India
260 _aCambridge
_bCambridge University Press
_c1998
300 _ax, 306 p.
942 _cBK
999 _c10110
_d10110